De la cuestión del hombre a la cuestión de Dios.

Uloženo v:
Podrobná bibliografie
Hlavní autor: Alfaro, Juan Bautista (autor)
Médium: Kniha
Vydáno: Salamanca, España: Sígueme, 2002.
Vydání:4a. ed
Edice:Verdad e Imagen,
Témata:
Tagy: Přidat tag
Žádné tagy, Buďte první, kdo vytvoří štítek k tomuto záznamu!

MARC

LEADER 00000nam a2200000 a 4500
001 UCI8202
003 CL-VaPUC
005 20250108095053.0
008 230328t2022 ||||| |||| 00| 0 eng d
999 |c 331223  |d 331221 
020 |a 84-301-1049-6 
040 |c Pontificia Universidad Católica de Valparaíso 
082 0 4 |a 200.1 ALF 2002  |2 21 
100 0 |a Alfaro, Juan Bautista  |e autor  |9 531708 
245 1 0 |a De la cuestión del hombre a la cuestión de Dios. 
250 |a 4a. ed 
260 |a Salamanca, España:  |b Sígueme,  |c 2002. 
300 |a 286 páginas. 
490 0 |a Verdad e Imagen,   |n  103. 
500 |a c.1 Donación Padre Cristian Eichin. Memo 1/2023 
583 |a last modification  |c 20080813 00:00:00  |k Rodrigo Vera 
650 0 |a Antropología filosófica  |9 265842 
650 0 |a Filosofía de la religión   |9 256017 
650 0 |a Existencia de Dios   |9 266954 
942 |c BK  |2 ddc 
952 |0 0  |1 2  |4 0  |6 200_100000000000000_ALF_2002  |7 0  |8 A  |9 417473  |a BIBTEO  |b BIBTEO  |d 2019-11-22  |i 4472454  |o 200.1 ALF 2002  |p 4472454  |r 2019-11-22  |w 2019-11-22  |y BK  |k ICR 
952 |0 0  |1 0  |2 ddc  |4 0  |6 200_100000000000000_ALF_2002  |7 0  |8 A  |9 589305  |a BIBTEO  |b BIBTEO  |d 2023-03-28  |e Donación  |i 5656878  |o 200.1 ALF 2002  |p 5656878  |r 2025-01-17  |t 1  |w 2023-03-28  |y BK  |k ICR